000 00468nam a2200169Ia 4500
008 240729s9999 xx 000 0 und d
022 _a2288-5943
245 0 _aUltrasonography
260 _aKorea, Republic of
260 _bKorean Society of Ultrasound in Medicine
650 _a Medical technology
650 _a Medicine (General)
650 _aMedicine
856 _uhttps://doaj.org/toc/10b7a7ef645a4b4aa62ef49ba0cc35eb
942 _2ddc
942 _cDOAJEJ
999 _c68198
_d68198
945 _a1
_bMadushi Gamage
_c1
_dMadushi Gamage